000 00386cam a22001337a 4500
008 180718b1960 xxu||||| |||| 00| 0 eng d
082 _aG93x54 R126
100 _aRaghava Chander N.R.
245 _aHindu law principles and precedents
_cby N. R. Raghavachariar
250 _a4rth ed.
260 _aMadras
_bMadras Law Journal Office
_c1960
300 _alxvi, 1104P
650 _aHindu law
999 _c352834
_d352834